[Event "BL2 Ost 1718 (Women)"]
[Site "Germany"]
[Date "2017.12.17"]
[Round "3.3"]
[White "Handrick Morgenstern, Petra"]
[Black "Moldenhauer, Antje"]
[Result "0-1"]
[WhiteElo "1937"]
[BlackElo "1720"]
[PlyCount "42"]
[EventDate "2017.10.14"]
[EventType "team-tourn"]
[EventRounds "7"]
[EventCountry "GER"]
[SourceTitle "EXT 2019"]
[Source "ChessBase"]
[SourceDate "2018.10.10"]
[SourceVersion "1"]
[SourceVersionDate "2018.10.10"]
[SourceQuality "1"]
[WhiteTeam "Dresden USV TU (W)"]
[BlackTeam "Coswig TuS (W)"]
[WhiteTeamCountry "GER"]
[BlackTeamCountry "GER"]

1. d4 Nf6 2. c4 g6 3. Nc3 Bg7 4. e4 d6 5. f3 0-0 6. Be3 c6 7. Bd3 Nbd7 8. Nge2 a6 9. Qd2 b5 10. Rd1 e5 11. d5 cxd5 12. cxd5 Nh5 13. g4 Nf4 14. Nxf4 exf4 15. Bxf4 Ne5 16. Be2 b4 17. Na4 Qa5 18. b3 Bd7 19. a3 Bxa4 20. axb4 Qc7 21. bxa4 Nxf3+ 0-1

[Event "Dresden ZMD op"]
[Site "Dresden"]
[Date "2008.07.26"]
[Round "8"]
[White "Handrick Morgenstern, Petra"]
[Black "Rudolf, Sebastian"]
[Result "0-1"]
[WhiteElo "2015"]
[BlackElo "2132"]
[PlyCount "60"]
[EventDate "2008.07.19"]
[EventType "swiss"]
[EventRounds "9"]
[EventCountry "GER"]
[SourceTitle "CBM 125 Extra"]
[Source "ChessBase"]
[SourceDate "2008.09.01"]
[SourceVersion "1"]
[SourceVersionDate "2008.09.01"]
[SourceQuality "1"]

1. d4 c5 2. d5 Nf6 3. c4 b5 4. cxb5 a6 5. bxa6 Bxa6 6. e4 Bxf1 7. Kxf1 Nxe4 8. Qc2 Nf6 9. Qxc5 e6 10. d6 Na6 11. Qd4 Qb8 12. Bf4 Nb4 13. Na3 Rxa3 14. bxa3 Nc2 15. Qc3 Nxa1 16. Qc7 Qa8 17. Nf3 Nd5 18. Qc4 Qc6 19. Qxc6 dxc6 20. Be5 Nc2 21. Ke2 Nxa3 22. Rc1 Kd7 23. Nd4 f6 24. Bg3 e5 25. Nxc6 Bxd6 26. Na5 Rc8 27. Rxc8 Kxc8 28. f3 Kd7 29. Be1 Bb4 30. Nb3 Nf4+ 0-1

[Event "Dresden ZMD op"]
[Site "Dresden"]
[Date "2008.07.22"]
[Round "4"]
[White "Handrick Morgenstern, Petra"]
[Black "Guenther, Thomas"]
[Result "0-1"]
[WhiteElo "2015"]
[BlackElo "2141"]
[PlyCount "130"]
[EventDate "2008.07.19"]
[EventType "swiss"]
[EventRounds "9"]
[EventCountry "GER"]
[SourceTitle "CBM 125 Extra"]
[Source "ChessBase"]
[SourceDate "2008.09.01"]
[SourceVersion "1"]
[SourceVersionDate "2008.09.01"]
[SourceQuality "1"]

1. d4 Nf6 2. c4 e6 3. Nc3 d5 4. Bg5 Nbd7 5. e3 c6 6. Bd3 Be7 7. Nf3 0-0 8. 0-0 b6 9. cxd5 Nxd5 10. Bxe7 Qxe7 11. Nxd5 cxd5 12. Rc1 Nf6 13. Ne5 Bb7 14. Qa4 a6 15. Rc2 Rfc8 16. Rxc8+ Rxc8 17. b4 b5 18. Qb3 Ne4 19. Qb2 Qc7 20. f3 Nd6 21. Re1 f6 22. Ng4 Qc3 23. Qxc3 Rxc3 24. Nf2 e5 25. Kf1 e4 26. Bb1 Rc4 27. fxe4 dxe4 28. a3 Rc3 29. Ke2 Bd5 30. Kd2 Rxa3 31. Bc2 Nc4+ 32. Kc1 f5 33. Nd1 Ra1+ 34. Bb1 Na3 35. Nc3 Nxb1 36. Kb2 Nxc3 37. Rxa1 Na4+ 38. Kc2 Kf7 39. Rf1 Kf6 40. g4 g6 41. gxf5 gxf5 42. Rg1 Nb6 43. Kc3 Be6 44. Kd2 Nd5 45. Rb1 Bf7 46. Rb2 Kg5 47. Ke2 Kh4 48. Kf2 Kh3 49. Rc2 Nxb4 50. Rc7 Bg6 51. Rd7 a5 52. Rb7 Nd3+ 53. Kg1 b4 54. d5 f4 55. exf4 Bf5 56. d6 Kg4 57. Rxh7 b3 58. d7 Bxd7 59. Rxd7 b2 60. Rb7 a4 61. h3+ Kxf4 62. h4 a3 63. h5 Kg5 64. Rb5+ Kh6 65. Kg2 a2 0-1

[Event "GER-chT U20 Girls"]
[Site "Naunhof"]
[Date "2005.12.29"]
[Round "5.1"]
[White "Handrick Morgenstern, Petra"]
[Black "Schulz, Stefanie"]
[Result "0-1"]
[WhiteElo "1864"]
[BlackElo "2063"]
[PlyCount "92"]
[EventDate "2005.12.27"]
[EventType "team-swiss"]
[EventRounds "7"]
[EventCountry "GER"]
[SourceTitle "CBM 110 Extra"]
[Source "ChessBase"]
[SourceDate "2006.03.10"]
[SourceVersion "2"]
[SourceVersionDate "2006.03.10"]
[SourceQuality "1"]

1. d4 Nf6 2. c4 c5 3. d5 e6 4. Nc3 exd5 5. cxd5 d6 6. e4 g6 7. Nf3 Bg7 8. g3 0-0 9. Bg2 b5 10. Nd2 a6 11. 0-0 Nbd7 12. f4 Bb7 13. Re1 Re8 14. Kh1 c4 15. Rb1 Nc5 16. b3 Nd3 17. Rf1 Nxc1 18. Rxc1 b4 19. Nxc4 bxc3 20. e5 dxe5 21. fxe5 Nxd5 22. Qf3 Re7 23. Nd6 Qc7 24. Nxb7 Qxb7 25. Qxd5 Qxd5 26. Bxd5 Rc8 27. Bc4 Bxe5 28. Rfe1 Kf8 29. Re2 Rc6 30. Rd1 Bf6 31. Rf2 Bg5 32. Rc2 Bd2 33. Kg2 a5 34. Rf1 Rc5 35. Rf6 Kg7 36. Rf1 f5 37. Rf2 Rce5 38. Rf1 g5 39. Kf3 Kf6 40. Rb1 Re1 41. Rxe1 Rxe1 42. Kf2 Ke5 43. Bd3 h6 44. Be2 Ke4 45. Bb5 Kd4 46. Bd7 Re5 0-1

[Event "GER-chT U20 Girls"]
[Site "Naunhof"]
[Date "2005.12.28"]
[Round "4.1"]
[White "Beltz, Franziska"]
[Black "Handrick Morgenstern, Petra"]
[Result "1-0"]
[WhiteElo "1960"]
[BlackElo "1864"]
[PlyCount "49"]
[EventDate "2005.12.27"]
[EventType "team-swiss"]
[EventRounds "7"]
[EventCountry "GER"]
[SourceTitle "CBM 110 Extra"]
[Source "ChessBase"]
[SourceDate "2006.03.10"]
[SourceVersion "2"]
[SourceVersionDate "2006.03.10"]
[SourceQuality "1"]

1. e4 c5 2. Nf3 e6 3. d4 cxd4 4. Nxd4 a6 5. Bd3 Qc7 6. f4 d6 7. Qf3 Nf6 8. Nc3 Nbd7 9. Be3 b6 10. 0-0-0 Bb7 11. g4 Nc5 12. Kb1 b5 13. a3 Rc8 14. g5 Nfd7 15. f5 Ne5 16. Qh3 Nexd3 17. cxd3 e5 18. Nde2 Nxd3 19. Rxd3 Bxe4 20. Nxe4 Qc2+ 21. Ka1 Qxd3 22. N2c3 Rc4 23. f6 g6 24. Rd1 Qc2 25. Bc5 1-0

[Event "GER-chT U20 Girls"]
[Site "Naunhof"]
[Date "2005.12.28"]
[Round "3.1"]
[White "Dietzen, Corinna"]
[Black "Handrick Morgenstern, Petra"]
[Result "1/2-1/2"]
[WhiteElo "1764"]
[BlackElo "1864"]
[PlyCount "55"]
[EventDate "2005.12.27"]
[EventType "team-swiss"]
[EventRounds "7"]
[EventCountry "GER"]
[SourceTitle "CBM 110 Extra"]
[Source "ChessBase"]
[SourceDate "2006.03.10"]
[SourceVersion "2"]
[SourceVersionDate "2006.03.10"]
[SourceQuality "1"]

1. c4 Nf6 2. Nc3 e5 3. g3 Bb4 4. Bg2 0-0 5. Nf3 Re8 6. 0-0 c6 7. d3 d5 8. cxd5 cxd5 9. Bg5 Bxc3 10. bxc3 h6 11. Bxf6 Qxf6 12. Nd2 Rd8 13. Qb3 Qe6 14. c4 dxc4 15. Nxc4 Nd7 16. Rab1 Nb6 17. Nxb6 Qxb3 18. Rxb3 axb6 19. Rxb6 Rxa2 20. Re1 Kf8 21. Kf1 Bg4 22. Rxb7 Rc2 23. h3 Be6 24. Rb5 f6 25. f4 exf4 26. gxf4 Rd4 27. Rb8+ Rc8 28. Rxc8+ 1/2-1/2

[Event "Hamburg Robinow op"]
[Site "Hamburg"]
[Date "2005.10.08"]
[Round "8"]
[White "Ernst, Herwarth"]
[Black "Handrick Morgenstern, Petra"]
[Result "0-1"]
[WhiteElo "1766"]
[BlackElo "2036"]
[PlyCount "106"]
[EventDate "2005.10.01"]
[EventType "swiss"]
[EventRounds "9"]
[EventCountry "GER"]
[SourceTitle "CBM 108 Extra"]
[Source "ChessBase"]
[SourceDate "2005.11.04"]
[SourceVersion "1"]
[SourceVersionDate "2005.11.04"]
[SourceQuality "1"]

1. e4 c5 2. Nc3 d6 3. g3 g6 4. Bg2 Bg7 5. d3 Nc6 6. f4 e6 7. Nf3 Nge7 8. 0-0 0-0 9. Be3 Nd4 10. Bf2 Nxf3+ 11. Bxf3 Nc6 12. Qd2 Nd4 13. Bg2 Rb8 14. Rab1 Qa5 15. Be1 b5 16. a3 Qc7 17. Bf2 Bd7 18. Ne2 Nxe2+ 19. Qxe2 b4 20. Qd2 Rfc8 21. c3 bxc3 22. bxc3 Qa5 23. d4 c4 24. Qa2 Qxc3 25. Rbc1 Qb3 26. Qa1 Qb2 27. Rc3 Qxa1 28. Rxa1 Rb2 29. Rac1 Rxf2 30. Kxf2 Bxd4+ 31. Ke2 Bxc3 32. Rxc3 Rb8 33. Ke3 Rb3 34. Kd4 Rxc3 35. Kxc3 Bb5 36. Kb4 a5+ 37. Kc3 Kf8 38. Bf3 Ke7 39. Kd4 Kd7 40. Bd1 Kc6 41. h4 f6 42. e5 fxe5+ 43. fxe5 d5 44. g4 Kb6 45. g5 Bd7 46. Bc2 Kb5 47. h5 Be8 48. h6 c3 49. Kxc3 Kc5 50. Kd3 d4 51. Ke4 Kc4 52. Bb1 Kc3 53. Kf3 d3 0-1

[Event "Nuremberg LGA Cup 2nd"]
[Site "Nuremberg"]
[Date "2005.09.10"]
[Round "4.27"]
[White "Werner, Thomas1111"]
[Black "Handrick Morgenstern, Petra"]
[Result "1/2-1/2"]
[WhiteElo "1854"]
[BlackElo "1815"]
[PlyCount "73"]
[EventDate "2005.09.08"]
[EventType "swiss"]
[EventRounds "7"]
[EventCountry "GER"]
[SourceTitle "EXT 2022"]
[Source "ChessBase"]
[SourceDate "2021.10.06"]
[SourceVersion "1"]
[SourceVersionDate "2021.10.06"]
[SourceQuality "1"]

1. d4 d5 2. c4 c6 3. cxd5 cxd5 4. Nc3 Nc6 5. Bf4 Nf6 6. e3 a6 7. Bd3 g6 8. Rc1 Bg7 9. h3 0-0 10. Nf3 Qb6 11. Qd2 Bd7 12. Ne5 Qd8 13. 0-0 Bc8 14. Nxc6 bxc6 15. Na4 Bd7 16. Be5 Nh5 17. Bxg7 Nxg7 18. Nc5 a5 19. Rc2 Ne6 20. Na4 Ng5 21. f4 Ne4 22. Bxe4 dxe4 23. Rfc1 Be6 24. b3 Bd5 25. Rc5 f6 26. Nc3 h6 27. Rf1 f5 28. Qf2 Qd6 29. Rc1 Rf6 30. Qc2 g5 31. Nxd5 cxd5 32. Rc8+ Rxc8 33. Qxc8+ Rf8 34. Qc2 Qd8 35. Qc7 e6 36. g3 Qe8 37. Qc5 1/2-1/2

[Event "Nuremberg LGA Cup 2nd"]
[Site "Nuremberg"]
[Date "2005.09.08"]
[Round "1.54"]
[White "Handrick Morgenstern, Petra"]
[Black "Thoma, Dirk"]
[Result "1-0"]
[WhiteElo "1815"]
[BlackElo "1497"]
[PlyCount "101"]
[EventDate "2005.09.08"]
[EventType "swiss"]
[EventRounds "7"]
[EventCountry "GER"]
[SourceTitle "EXT 2022"]
[Source "ChessBase"]
[SourceDate "2021.10.06"]
[SourceVersion "1"]
[SourceVersionDate "2021.10.06"]
[SourceQuality "1"]

1. d4 Nf6 2. c4 e6 3. Nc3 b6 4. Nf3 Bb7 5. e3 Be7 6. Be2 0-0 7. 0-0 d6 8. b3 Nbd7 9. Bb2 Ne4 10. Nxe4 Bxe4 11. Bd3 Bxd3 12. Qxd3 f5 13. Rad1 Bf6 14. Qc2 Qe8 15. Rfe1 Qh5 16. e4 Rae8 17. e5 Be7 18. exd6 Bxd6 19. Ne5 Nxe5 20. dxe5 Bb4 21. Re3 Bc5 22. Red3 Qg5 23. Bc1 f4 24. Rd7 Rd8 25. Bxf4 Qh4 26. Bg3 Qg5 27. Qd2 Rxd7 28. Qxd7 Qf5 29. Qd2 a5 30. Rf1 Qf7 31. Kh1 Qe7 32. Rd1 Qf7 33. f3 Re8 34. Bf2 Bxf2 35. Qxf2 c5 36. Qe3 Qe7 37. Rd6 Rd8 38. Qd2 Rxd6 39. exd6 Qf6 40. Qd1 Qd8 41. d7 Kf7 42. Qd6 Kf6 43. Kg1 g5 44. Kf2 h5 45. Ke3 Kf7 46. Ke4 g4 47. fxg4 hxg4 48. Qf4+ Kg8 49. Qxg4+ Kf7 50. Qh5+ Ke7 51. Qg5+ 1-0

[Event "GER-chT U20"]
[Site "Cologne"]
[Date "2004.12.30"]
[Round "7.5"]
[White "Karmann, Alexander"]
[Black "Handrick Morgenstern, Petra"]
[Result "1/2-1/2"]
[WhiteElo "1673"]
[BlackElo "1780"]
[PlyCount "20"]
[EventDate "2004.12.27"]
[EventType "team"]
[EventRounds "7"]
[EventCountry "GER"]
[SourceTitle "CBM 104 Extra"]
[Source "ChessBase"]
[SourceDate "2005.03.01"]
[SourceVersion "1"]
[SourceVersionDate "2005.03.01"]
[SourceQuality "1"]
[WhiteTeam "Koeln Porz U20"]
[BlackTeam "Dresden SC (U20)"]
[WhiteTeamCountry "GER"]
[BlackTeamCountry "GER"]

1. e4 c5 2. Nf3 d6 3. d4 cxd4 4. Nxd4 Nf6 5. Nc3 a6 6. Be3 e5 7. Nb3 Be6 8. Be2 Be7 9. 0-0 0-0 10. Qd2 Qc7 1/2-1/2

[Event "GER-ch U25 op"]
[Site "Willingen"]
[Date "2004.06.04"]
[Round "9"]
[White "Wild, Markus"]
[Black "Handrick Morgenstern, Petra"]
[Result "0-1"]
[WhiteElo "1559"]
[BlackElo "2062"]
[PlyCount "90"]
[EventDate "2004.05.30"]
[EventType "swiss"]
[EventRounds "9"]
[EventCountry "GER"]
[SourceTitle "EXT 2005"]
[Source "ChessBase"]
[SourceDate "2004.11.15"]
[SourceVersion "1"]
[SourceVersionDate "2004.11.15"]
[SourceQuality "1"]

1. c4 Nf6 2. Nc3 c6 3. Nf3 e6 4. e4 d5 5. e5 Nfd7 6. d4 Be7 7. Be3 0-0 8. c5 b6 9. b4 f6 10. exf6 Bxf6 11. Rc1 bxc5 12. bxc5 e5 13. dxe5 Nxe5 14. Nxe5 Bxe5 15. Qa4 Qf6 16. Ne2 Ba6 17. Nd4 Bxf1 18. Kxf1 Bf4 19. Nf3 Bxe3 20. fxe3 Nd7 21. Ke2 Qg6 22. g4 Rae8 23. h3 Qe6 24. Qd4 Re7 25. Rhf1 Rfe8 26. Rc3 Qh6 27. Rh1 Re4 28. Qd2 Rxg4 29. hxg4 Qxh1 30. Ne1 Qe4 31. Kd1 Qxg4+ 32. Kc1 Nf6 33. Qh2 Qb4 34. Qb2 Qxb2+ 35. Kxb2 Rb8+ 36. Kc2 Ne4 37. Ra3 Rb7 38. Ra6 Rc7 39. Nd3 h5 40. Kd1 h4 41. Ke2 g5 42. Kf1 h3 43. Kg1 Rh7 44. Kh2 g4 45. Nf4 g3+ 0-1

[Event "GER-ch U25 op"]
[Site "Willingen"]
[Date "2004.06.01"]
[Round "5"]
[White "Jehle, Daniel"]
[Black "Handrick Morgenstern, Petra"]
[Result "0-1"]
[WhiteElo "1526"]
[BlackElo "2062"]
[PlyCount "80"]
[EventDate "2004.05.30"]
[EventType "swiss"]
[EventRounds "9"]
[EventCountry "GER"]
[SourceTitle "EXT 2005"]
[Source "ChessBase"]
[SourceDate "2004.11.15"]
[SourceVersion "1"]
[SourceVersionDate "2004.11.15"]
[SourceQuality "1"]

1. d4 d5 2. c4 dxc4 3. Nc3 e5 4. d5 c6 5. e4 Nf6 6. Bxc4 Qa5 7. Bd2 Qc7 8. Nge2 Bg4 9. f3 Bd7 10. 0-0 Bc5+ 11. Kh1 0-0 12. Bg5 Ne8 13. Qe1 h6 14. Bd2 Nd6 15. Qg3 Nxc4 16. Bxh6 g6 17. Qg5 Re8 18. Qf6 Bf8 19. Bxf8 Rxf8 20. b3 Nb6 21. f4 exf4 22. Rxf4 Qd8 23. Qd4 Na6 24. Raf1 Qe7 25. g3 Rae8 26. Rh4 Qe5 27. Qxe5 Rxe5 28. dxc6 Bxc6 29. Nd4 Rc5 30. Rf3 Rc8 31. Rhf4 Be8 32. Nde2 Nd7 33. Nd5 Kg7 34. Nec3 Ne5 35. Re3 Nb4 36. Nxb4 Rxc3 37. Rxc3 Rxc3 38. Nd5 Rc1+ 39. Kg2 Rc2+ 40. Kh3 Bd7+ 0-1

[Event "GER-ch U25 op"]
[Site "Willingen"]
[Date "2004.05.30"]
[Round "3"]
[White "Zayadeh, Raphael"]
[Black "Handrick Morgenstern, Petra"]
[Result "1-0"]
[WhiteElo "1906"]
[BlackElo "2062"]
[PlyCount "93"]
[EventDate "2004.05.30"]
[EventType "swiss"]
[EventRounds "9"]
[EventCountry "GER"]
[SourceTitle "EXT 2005"]
[Source "ChessBase"]
[SourceDate "2004.11.15"]
[SourceVersion "1"]
[SourceVersionDate "2004.11.15"]
[SourceQuality "1"]

1. d4 d5 2. Nf3 Nf6 3. e3 e6 4. Bd3 Nbd7 5. Nbd2 c5 6. c3 Bd6 7. 0-0 0-0 8. Re1 e5 9. e4 dxe4 10. Nxe4 Nxe4 11. Rxe4 exd4 12. Rh4 g6 13. Qd2 Qf6 14. Qh6 Qg7 15. Qxg7+ Kxg7 16. Bh6+ Kg8 17. Bxf8 Nxf8 18. cxd4 Ne6 19. dxc5 Nxc5 20. Rd4 Be7 21. Bc4 Bf6 22. Rf4 Kg7 23. Re1 Be6 24. Ne5 Rd8 25. Bxe6 Nxe6 26. Rfe4 Nc5 27. Rc4 Rd5 28. Nf3 Bxb2 29. Rc2 Bf6 30. g3 b6 31. Kg2 Kf8 32. Rd2 Rxd2 33. Nxd2 Nd3 34. Re4 b5 35. Nb3 a6 36. a4 b4 37. Kf1 Bc3 38. Ke2 Ne5 39. f4 Nd7 40. h3 Nb6 41. a5 Nd5 42. Kd3 h5 43. Kc4 Nc7 44. Kc5 f5 45. Re2 Kf7 46. Kb6 Ne6 47. Kxa6 1-0

[Event "Leutersdorf Muench Braeu op 09th"]
[Site "Leutersdorf"]
[Date "2004.02.11"]
[Round "9"]
[White "Handrick Morgenstern, Petra"]
[Black "Fiedler, Frank"]
[Result "0-1"]
[WhiteElo "2069"]
[BlackElo "1838"]
[PlyCount "82"]
[EventDate "2004.02.07"]
[EventType "swiss"]
[EventRounds "9"]
[EventCountry "GER"]
[SourceTitle "CBM 098 Extra"]
[Source "ChessBase"]
[SourceDate "2004.03.10"]
[SourceVersion "2"]
[SourceVersionDate "2004.03.10"]
[SourceQuality "1"]

1. d4 Nf6 2. c4 e6 3. Nc3 d5 4. Nf3 Nbd7 5. Bf4 c6 6. e3 Bb4 7. g4 dxc4 8. Bxc4 Nd5 9. Bxd5 exd5 10. Qc2 Nf6 11. h3 0-0 12. Kf1 Bd6 13. Ne5 Qe7 14. Rc1 Nd7 15. Nxd7 Bxd7 16. Bxd6 Qxd6 17. Na4 Rae8 18. Nc5 Bc8 19. Qa4 f5 20. gxf5 Rxf5 21. Ke2 Qf4 22. Nd3 Qf3+ 23. Kd2 Rf6 24. Qxa7 Bf5 25. Rh2 Bxd3 26. Kxd3 Qe4+ 27. Kd2 Rxf2+ 28. Rxf2 Qxe3+ 29. Kc2 Qxf2+ 30. Kb1 Qf5+ 31. Ka1 Qc8 32. Qa3 Re4 33. Qc3 Rh4 34. Rh1 h6 35. a3 Qe6 36. Qb4 b5 37. Qc3 Qe4 38. Re1 Rxh3 39. Qa5 Qxd4 40. Qa8+ Kh7 41. Re8 Rh1+ 0-1

[Event "Leutersdorf Muench Braeu op 09th"]
[Site "Leutersdorf"]
[Date "2004.02.08"]
[Round "4"]
[White "Bach, Ulf"]
[Black "Handrick Morgenstern, Petra"]
[Result "1/2-1/2"]
[WhiteElo "1891"]
[BlackElo "2069"]
[PlyCount "36"]
[EventDate "2004.02.07"]
[EventType "swiss"]
[EventRounds "9"]
[EventCountry "GER"]
[SourceTitle "CBM 098 Extra"]
[Source "ChessBase"]
[SourceDate "2004.03.10"]
[SourceVersion "2"]
[SourceVersionDate "2004.03.10"]
[SourceQuality "1"]

1. d4 d5 2. Bf4 Nf6 3. e3 e6 4. Nf3 c5 5. c3 cxd4 6. exd4 Be7 7. Bd3 0-0 8. Nbd2 Nc6 9. Ne5 Bd6 10. Ndf3 Qc7 11. Qe2 a6 12. Bg5 Nd7 13. Bf4 Bxe5 14. dxe5 f6 15. exf6 Qxf4 16. Qxe6+ Kh8 17. fxg7+ Kxg7 18. Qxd5 Nde5 1/2-1/2